| 000 | 01141nam a2200373 a 4500 | ||
|---|---|---|---|
| 001 | vtls000013696 | ||
| 003 | NLI | ||
| 005 | 20210601181531.0 | ||
| 008 | 101125s1978 miuab 001 0 eng | ||
| 020 |
_a0250401991 _c$ 15.00 |
||
| 039 | 9 |
_y201011250107 _zVLOAD |
|
| 040 | 0 |
_aNLI _beng _cVERGIS-2003 |
|
| 041 | 0 | _aeng | |
| 044 | _amiu | ||
| 082 | 0 | 4 | _a628.3018 |
| 100 | 1 |
_aClark, Robert Maurice _951715 |
|
| 245 | 1 | 0 |
_aAnalysis of urban solid waste services: _ba systems approach/ _cRobert M. Clark |
| 260 |
_aAnn Arbor , _cMichigan: _bAnn Arbor Science, _cc1978 |
||
| 300 |
_aix, 157 p.: _bill., maps; _c24 cm. |
||
| 500 | _aIncludes index | ||
| 650 | 0 |
_aFactory and trade waste _951716 |
|
| 650 | 0 |
_aRefuse and refuse disposal _xMathematical methods _951717 |
|
| 650 | 0 |
_aSalvage (Waste, etc.) _951718 |
|
| 650 | 0 |
_aSystem analysis _97534 |
|
| 887 | _aSivankalai S. | ||
| 901 |
_a443362 _b07/06/1978 |
||
| 902 | _aE 628.3018 C 549 | ||
| 903 | _a03/03/2004 | ||
| 904 | _aSivankalai S. | ||
| 906 | _a012633 | ||
| 949 |
_AVIRTUAITEM _D10000 _F1 _X100 _6PUR000443362ENG _aE 628.3018 C549 |
||
| 942 |
_2ddc _cBKS |
||
| 999 |
_c19033 _d19033 |
||